00714nam a2200217Ia 450000500170000000800410001702000140005808200210007210000130009324501010010626000530020730000170026065000110027765000220028865000230031065000190033365000260035294200060037895200970038499900150048120250324021113.0240331s9999 xx 000 0 und d a08030030  a303.4bPAM23153 aPamir, M 0aDeterminants of Late Development:bA Study of Turkey's Late Industrialisation Attempt until 1946 aFantoft-Bergen, bChr. Michelson Institutec1993 axii, 158 p., aTurkey aIndustrialization aDevelopment Theory aSocial History aPolitical Development cL 001040708LaWERCLbWERCLcSSCd2024-03-31l0o 303.4 PAMp3153r2024-03-31w2024-03-31yL c1218d1218